|
|
|
|
| LEADER |
00000nam0a2200000 4500 |
| 001 |
120954 |
| 005 |
20231031125222.0 |
| 035 |
|
|
|a (RuTPU)RU\TPU\book\130973
|
| 090 |
|
|
|a 120954
|
| 100 |
|
|
|a 20070907d1962 m y0rusy50 ca
|
| 101 |
0 |
|
|a rus
|
| 102 |
|
|
|a RU
|
| 105 |
|
|
|a a j 001zy
|
| 200 |
1 |
|
|a Курс сфероидической геодезии
|e учебник для вузов
|f Г. В. Багратуни
|
| 210 |
|
|
|a Москва
|c Изд-во геодезической литературы
|d 1962
|
| 215 |
|
|
|a 252 с.
|c ил.
|
| 320 |
|
|
|a Библиогр.: с. 248-250.
|
| 610 |
1 |
|
|a геодезия
|
| 610 |
1 |
|
|a сферическая геодезия
|
| 610 |
1 |
|
|a земной сфероид
|
| 610 |
1 |
|
|a геодезические координаты
|
| 610 |
1 |
|
|a вычисление
|
| 610 |
1 |
|
|a геодезические проекции
|
| 610 |
1 |
|
|a дифференциальные формулы
|
| 610 |
1 |
|
|a учебники
|
| 675 |
|
|
|a 526.1
|v 3
|
| 700 |
|
1 |
|a Багратуни
|b Г. В.
|g Гегам Ваграмович
|
| 801 |
|
1 |
|a RU
|b 63413507
|c 20070907
|g PSBO
|
| 801 |
|
2 |
|a RU
|b 63413507
|c 20081006
|g PSBO
|
| 942 |
|
|
|c BK
|